Estadísticas para Prueba de Fiyi

Haz click aquí para tomar la prueba!

Estadísticas generales

  • Esta prueba ha sido tomada 332 veces
  • La puntuación promedio es 10 de 20

Estadísticas de respuestas

PistaRespuesta% Correcto
Idiomas oficialesInglés
90%
País que colonizó Fiyi de 1874 a 1987Reino Unido
88%
País situado a unos 2.000 km al sur de FiyiNueva Zelanda
86%
El deporte más popularRugby
71%
MonedaDólar
67%
Capital de FiyiSuva
67%
La subregión de Oceanía de la que Fiyi forma parte{Mela}nesia
59%
"ismo" que una vez horrorizó a los visitantes europeos en Fiyi, aunque su prevalencia es debatida{Canibal}ismo
56%
Idiomas oficialesFiyiano
52%
Tipo de crisis política que Fiyi experimentó en 2007, 2000 y dos veces en 1987Golpes
de Estado
51%
Fiyi y Rusia son los únicos dos países con tierra en esta línea de longitud180°
44%
Antes de la Primera Guerra Mundial, Fiyi recibió 60.000 sirvientes contratados de este paísIndia
38%
La segunda isla más grande{Vanua} Levu
36%
Idiomas oficialesHindi fiyiano
33%
Principal cultivo comercialCaña de azúcar
31%
El explorador neerlandés que fue el primer europeo en ver las islas en 1643Abel Tasman
29%
El deporte que practica Vijay Singh, uno de los atletas más exitosos de FiyiGolf
28%
Rama protestante a la que pertenece el 35% de la población (pista: comienza con M)Metodista
26%
La isla más grande, con más de la mitad de la superficie terrestre y la población de Fiyi{Viti} Levu
25%
La ciudad con más turistas y el aeropuerto más grandeNadi
21%

Distribución de puntuación

Porcentaje por número respondido

Porcentaje de gente con cada puntuación

Historial de tus puntuaciones

No has tomado esta prueba